000
00340nam a2200145Ia 4500
008
230524s9999 xx 000 0 und d
020
_a
9788131505540
100
_a
Patric M.Dunne
245
0
_a
Retail Management
260
_b
Cengage
500
_a
Quantity Number: 5
650
_a
Management
700
_a
Robert F.Lusch
942
_c
BK
999
_c
51305
_d
51305